[Event "Quebec op"]
[Site "Montreal CAN"]
[Date "1988.07.24"]
[Round "1"]
[White "Levtchouk, George"]
[Black "Abreu Cordero, Jose"]
[Result "1-0"]
[WhiteElo "2317"]
[BlackElo "1927"]
[PlyCount "101"]
[GameId "2160767912520469"]
[EventDate "1988.07.24"]
[EventType "swiss"]
[EventRounds "8"]
[EventCountry "CAN"]
[SourceTitle "EXT 2022"]
[Source "ChessBase"]
[SourceDate "2021.10.06"]
[SourceVersion "1"]
[SourceVersionDate "2021.10.06"]
[SourceQuality "1"]

1. d4 Nf6 2. c4 e6 3. Nf3 b6 4. a3 a5 5. Nc3 Bb7 6. d5 Na6 7. e4 Nc5 8. Qc2 d6 9. Be2 g6 10. Bg5 Bg7 11. Rd1 Qe7 12. b4 axb4 13. axb4 Na6 14. Qb3 O-O 15. Nd4 e5 16. Ndb5 h6 17. Bh4 Qd7 18. O-O Nh7 19. f3 f5 20. Bf2 Ng5 21. c5 bxc5 22. bxc5 Bc8 23. cxd6 cxd6 24. Na4 Rb8 25. Nb6 Qd8 26. Na7 Nc5 27. Bxc5 dxc5 28. Naxc8 Qxc8 29. Nxc8 Rxb3 30. Ne7+ Kh7 31. h4 Rbb8 32. Bc4 Rb4 33. Rc1 Rb7 34. d6 Nf7 35. Bxf7 Rxf7 36. h5 gxh5 37. Nxf5 Rb5 38. Rfd1 Bf6 39. Rd5 Bg5 40. Rdxc5 Bxc1 41. Rxb5 Kg6 42. Rxe5 Kf6 43. Re8 Rd7 44. Kf2 Bf4 45. g3 Kf7 46. Re7+ Rxe7 47. dxe7 Bc7 48. f4 Bb6+ 49. Kg2 Bc5 50. Kh3 Bxe7 51. Nxe7 1-0

[Event "Quebec op"]
[Site "Montreal CAN"]
[Date "1988.07.24"]
[Round "1"]
[White "Morin, Louis"]
[Black "Bolduc, Steve"]
[Result "0-1"]
[WhiteElo "1865"]
[BlackElo "2076"]
[PlyCount "102"]
[GameId "2160767912520470"]
[EventDate "1988.07.24"]
[EventType "swiss"]
[EventRounds "8"]
[EventCountry "CAN"]
[SourceTitle "FQE 03"]

1. e4 c5 2. c3 e6 3. d4 d5 4. exd5 exd5 5. Bb5+ Nc6 6. Qe2+ Be6 7. Nf3 Bd6 8. O-O Nge7 9. dxc5 Bxc5 10. Nbd2 O-O 11. Nb3 Bb6 12. Nbd4 Bg4 13. Qd3 Qd6 14. Be3 Bc7 15. g3 Ng6 16. Qd2 f5 17. Bf4 Nxf4 18. Qxf4 Qxf4 19. gxf4 Bxf4 20. Ne6 Bxf3 21. Nxf4 Rad8 22. Be2 Bxe2 23. Nxe2 d4 24. Nxd4 Nxd4 25. cxd4 Rxd4 26. Rfd1 Rfd8 27. Rxd4 Rxd4 28. Rc1 Rd7 29. Rc5 g6 30. a4 Kf7 31. a5 Ke6 32. b4 a6 33. f4 Rd4 34. Rc7 Rxb4 35. Rxh7 Rb5 36. Kg2 Kd5 37. Rg7 Ke4 38. Kg3 Rb3+ 39. Kg2 Kxf4 40. Rxg6 Rb2+ 41. Kg1 Rb5 42. Rg7 Kf3 43. h4 f4 44. Rg5 Ke4 45. Rg7 Rxa5 46. Rxb7 Kf3 47. Rb3+ Kg4 48. Rb4 Kg3 49. Kf1 Ra1+ 50. Ke2 f3+ 51. Ke3 f2 0-1

[Event "Quebec op"]
[Site "Montreal CAN"]
[Date "1988.07.24"]
[Round "1"]
[White "Morin, Roch"]
[Black "Maurer, Serge"]
[Result "1-0"]
[WhiteElo "2031"]
[BlackElo "1853"]
[PlyCount "79"]
[GameId "2160767912520471"]
[EventDate "1988.07.24"]
[EventType "swiss"]
[EventRounds "8"]
[EventCountry "CAN"]
[SourceTitle "FQE 03"]

1. e4 e5 2. Bc4 Nf6 3. d3 Nc6 4. Nc3 Bc5 5. Bg5 h6 6. Bh4 g5 7. Bg3 d6 8. Qd2 Na5 9. Bb3 Nxb3 10. axb3 Be6 11. h4 Nh5 12. Nf3 Nxg3 13. fxg3 g4 14. Nh2 a6 15. Nf1 h5 16. Ne3 Bxe3 17. Qxe3 Qf6 18. Rf1 Qh6 19. Nd1 Ke7 20. Qf2 Rhg8 21. Ne3 Rg6 22. O-O-O Rf6 23. Qd2 Rh8 24. Kb1 Rxf1 25. Rxf1 Qg6 26. Qa5 Kd8 27. Nd5 b6 28. Qxa6 Bxd5 29. exd5 Kd7 30. Qa4+ Ke7 31. Qa6 Rd8 32. Qc4 Rd7 33. Qe4 Rd8 34. Rf5 Rg8 35. b4 Ra8 36. d4 Qh6 37. dxe5 Qd2 38. exd6+ Kxd6 39. Qe5+ Kd7 40. Rxf7+ 1-0

[Event "Quebec op"]
[Site "Montreal CAN"]
[Date "1988.07.24"]
[Round "1"]
[White "Regnier, Alain"]
[Black "Barbeau, Sylvain"]
[Result "0-1"]
[WhiteElo "1950"]
[BlackElo "2358"]
[PlyCount "94"]
[GameId "2160767912520472"]
[EventDate "1988.07.24"]
[EventType "swiss"]
[EventRounds "8"]
[EventCountry "CAN"]
[SourceTitle "FQE 03"]

1. e4 e5 2. f4 d5 3. exd5 c6 4. dxc6 Nxc6 5. Bb5 exf4 6. Nf3 Bd6 7. d4 Nge7 8. O-O O-O 9. c4 Bg4 10. Nc3 Nf5 11. c5 Bc7 12. d5 Ncd4 13. Be2 Nxe2+ 14. Nxe2 g5 15. d6 Ba5 16. Ne5 Bxe2 17. Qxe2 Re8 18. Bxf4 gxf4 19. Qg4+ Ng7 20. Qxf4 Rxe5 21. Qxe5 Qd7 22. Rf3 Re8 23. Qd4 Bd8 24. Rg3 f6 25. Qd5+ Kh8 26. Rb3 Re7 27. Rd1 Rf7 28. Rd4 a5 29. Re4 f5 30. Re1 f4 31. Rc1 a4 32. Rxb7 Qxb7 33. Qxb7 Rxb7 34. c6 Rb8 35. c7 Rc8 36. Rc4 Ne6 37. cxd8=Q+ Rxd8 38. Rxa4 Rxd6 39. Rb4 Kg7 40. a4 Kf6 41. Kf2 Kf5 42. Rb5+ Ke4 43. Rb4+ Nd4 44. Rb7 Rc6 45. b4 Rc2+ 46. Kf1 Nf5 47. Rxh7 Ke3 0-1

[Event "Quebec op"]
[Site "Montreal CAN"]
[Date "1988.07.24"]
[Round "1"]
[White "Trottier, Alain"]
[Black "Beaudry, Marc-Andre"]
[Result "0-1"]
[WhiteElo "1734"]
[BlackElo "1954"]
[PlyCount "68"]
[GameId "2160767912520473"]
[EventDate "1988.07.24"]
[EventType "swiss"]
[EventRounds "8"]
[EventCountry "CAN"]
[SourceTitle "mab"]

1. e4 c5 2. Nf3 d6 3. Bb5+ Nd7 4. O-O Ngf6 5. Re1 a6 6. Bxd7+ Bxd7 7. h3 e6 8. c3 Be7 9. d4 cxd4 10. cxd4 d5 11. exd5 Nxd5 12. Ne5 Rc8 13. Qg4 O-O 14. Bh6 Bf6 15. Nd2 Kh8 16. Ne4 Bxe5 17. dxe5 gxh6 18. Qh5 f5 19. Nd6 Qg5 20. Qxg5 hxg5 21. Nxc8 Rxc8 22. Rac1 Rxc1 23. Rxc1 h5 24. Kh2 h4 25. g3 hxg3+ 26. Kxg3 Kg7 27. h4 Kg6 28. Rh1 g4 29. f3 gxf3 30. Kxf3 Bc6 31. Kg3 Kh5 32. Rh2 Ne7 33. Rd2 Ng6 34. Rd8 f4+ 0-1

[Event "Quebec op"]
[Site "Montreal CAN"]
[Date "1988.07.24"]
[Round "1"]
[White "Zalys, Ignas"]
[Black "Berube, Richard"]
[Result "0-1"]
[WhiteElo "1895"]
[BlackElo "2172"]
[PlyCount "42"]
[GameId "2160767912520474"]
[EventDate "1988.07.24"]
[EventType "swiss"]
[EventRounds "8"]
[EventCountry "CAN"]
[SourceTitle "EXT 2002"]
[Source "ChessBase"]
[SourceDate "2001.11.25"]
[SourceVersion "1"]
[SourceVersionDate "2001.11.25"]
[SourceQuality "1"]

1. e4 c5 2. Nf3 d6 3. d4 cxd4 4. Nxd4 Nf6 5. Nc3 g6 6. Be2 Bg7 7. Bg5 O-O 8. O-O Nc6 9. Nb3 Be6 10. f4 Na5 11. e5 Nxb3 12. exf6 exf6 13. axb3 fxg5 14. fxg5 Qxg5 15. Bf3 Rad8 16. Bxb7 d5 17. Ra4 d4 18. Ne4 Qe3+ 19. Kh1 d3 20. Nf2 dxc2 21. Qxc2 Qb6 0-1

[Event "Quebec op"]
[Site "Montreal CAN"]
[Date "1988.07.22"]
[Round "2"]
[White "Bolduc, Steve"]
[Black "Deslongchamps, Denis"]
[Result "1-0"]
[WhiteElo "2076"]
[BlackElo "1916"]
[PlyCount "65"]
[GameId "2160767912520475"]
[EventDate "1988.07.24"]
[EventType "swiss"]
[EventRounds "8"]
[EventCountry "CAN"]
[SourceTitle "hb 2011"]

1. e4 c5 2. Nf3 d6 3. d4 cxd4 4. Nxd4 Nf6 5. Nc3 e6 6. g3 Be7 7. Bg2 O-O 8. O-O a6 9. Re1 Qc7 10. g4 Nc6 11. g5 Nxd4 12. Qxd4 Nd7 13. Be3 b5 14. Rad1 b4 15. Qxb4 Rb8 16. Qd4 Ne5 17. Bc1 Bd7 18. b3 Rfc8 19. Bb2 Bxg5 20. Qxd6 Qxd6 21. Rxd6 Be7 22. Rxa6 Bb4 23. Re3 Nc6 24. Na4 Bd2 25. Rd3 Nb4 26. Rxd7 Nxa6 27. Rxd2 Nb4 28. Be5 Rb5 29. Bd6 Nxc2 30. e5 g6 31. Bf1 Rd5 32. Rxd5 exd5 33. Nb6 1-0

[Event "Quebec op"]
[Site "Montreal CAN"]
[Date "1988.07.25"]
[Round "2"]
[White "Barbeau, Sylvain"]
[Black "Rousseau, Daniel"]
[Result "1-0"]
[WhiteElo "2358"]
[BlackElo "1961"]
[PlyCount "57"]
[GameId "2160767912520476"]
[EventDate "1988.07.24"]
[EventType "swiss"]
[EventRounds "8"]
[EventCountry "CAN"]
[SourceTitle "FQE 03"]

1. d4 Nf6 2. c4 g6 3. Nc3 Bg7 4. e4 d6 5. Nf3 O-O 6. Be2 e5 7. dxe5 dxe5 8. Qxd8 Rxd8 9. Bg5 Re8 10. O-O-O Na6 11. Ne1 c6 12. f3 Be6 13. Nc2 Nd7 14. Rd2 Nb6 15. b3 Nc5 16. Rhd1 f6 17. Be3 Bf8 18. Kb2 a5 19. a3 Be7 20. Bf1 Nc8 21. g3 Nb6 22. h4 Ra6 23. Nd5 cxd5 24. cxd5 Raa8 25. dxe6 Rec8 26. Bb5 a4 27. b4 Nb3 28. Bxb6 Nxd2 29. Rxd2 1-0

[Event "Quebec op"]
[Site "Montreal CAN"]
[Date "1988.07.25"]
[Round "2"]
[White "Beaudry, Marc-Andre"]
[Black "Levtchouk, George"]
[Result "1/2-1/2"]
[WhiteElo "1874"]
[BlackElo "2317"]
[PlyCount "132"]
[GameId "2160767912520477"]
[EventDate "1988.07.24"]
[EventType "swiss"]
[EventRounds "8"]
[EventCountry "CAN"]
[SourceTitle "FQE 03"]

1. c4 g6 2. Nc3 Bg7 3. d4 d6 4. e4 Nf6 5. f3 O-O 6. Be3 e5 7. d5 c6 8. Qd2 cxd5 9. cxd5 Na6 10. O-O-O Bd7 11. Kb1 Ne8 12. g4 f5 13. gxf5 gxf5 14. Nge2 b5 15. Nc1 Nac7 16. Bd3 b4 17. N3e2 fxe4 18. fxe4 a5 19. Rhg1 Kh8 20. Rg3 Nb5 21. Rdg1 Qe7 22. Bg5 Qf7 23. h4 Rb8 24. Bxb5 Bxb5 25. Bh6 Bxh6 26. Qxh6 Rb7 27. Rg5 Nf6 28. Rf5 Bd7 29. Rf3 Rbb8 30. Ng3 Qe7 31. Rgf1 Bh3 32. R1f2 Nd7 33. Nf5 Bxf5 34. Rxf5 Rxf5 35. Rxf5 Nc5 36. Qh5 Nxe4 37. Rf7 Nf6 38. Rxe7 Nxh5 39. Ra7 Rb5 40. Nb3 Nf6 41. Rxa5 Rxd5 42. Ra8+ Kg7 43. Rb8 e4 44. Rxb4 e3 45. Nc1 Rd1 46. Rb7+ Kf8 47. Kc2 Rd2+ 48. Kb1 Ne4 49. Rb3 e2 50. Rf3+ Ke7 51. Re3 d5 52. Rxe2 Rd1 53. Kc2 Rh1 54. a4 Kd6 55. b4 Rxh4 56. Nd3 Kc6 57. Kb3 Rh1 58. Rc2+ Kb6 59. Nc5 h5 60. Nxe4 dxe4 61. Re2 Rh4 62. Re3 Rg4 63. Kc3 h4 64. Kd4 h3 65. Rxh3 e3+ 66. Kc3 Re4 1/2-1/2

[Event "Quebec op"]
[Site "Montreal CAN"]
[Date "1988.07.25"]
[Round "2"]
[White "Berube, Richard"]
[Black "Mercille, Pierre"]
[Result "1-0"]
[WhiteElo "2172"]
[BlackElo "1928"]
[PlyCount "97"]
[GameId "2160767912520478"]
[EventDate "1988.07.24"]
[EventType "swiss"]
[EventRounds "8"]
[EventCountry "CAN"]
[SourceTitle "hb 2012"]

1. e4 e5 2. Nf3 Nf6 3. Nxe5 d6 4. Nf3 Nxe4 5. d4 d5 6. Bd3 Be7 7. O-O Bg4 8. c4 Nf6 9. Nc3 O-O 10. Re1 c6 11. Bg5 Nbd7 12. cxd5 cxd5 13. h3 Bh5 14. Bf5 Re8 15. Qd3 Bg6 16. Ne5 Nb6 17. Bxg6 hxg6 18. Re3 Nh5 19. Bxe7 Rxe7 20. g3 Qd6 21. Rae1 a6 22. b3 Rae8 23. Qd2 Nf6 24. Nd3 Nbd7 25. Rxe7 Rxe7 26. Rxe7 Qxe7 27. Qf4 Ne4 28. Nxd5 Qe6 29. Nc7 Qc6 30. d5 Qc2 31. Qxe4 Qxc7 32. Qe7 Qc2 33. Qxd7 Qxd3 34. Qe8+ Kh7 35. Qxf7 Qb1+ 36. Kg2 Qe4+ 37. Qf3 Qe5 38. Qd3 Qd6 39. Qe4 a5 40. Qe6 Qc5 41. h4 Qc2 42. d6 Qc6+ 43. Kh2 Qc5 44. Kg2 Qc6+ 45. f3 b5 46. h5 a4 47. hxg6+ Kh6 48. Qe3+ Kh5 49. g4+ 1-0

[Event "Quebec op"]
[Site "Montreal CAN"]
[Date "1988.07.25"]
[Round "2"]
[White "Desjardins, Andre"]
[Black "Spraggett, Grant"]
[Result "0-1"]
[WhiteElo "1921"]
[BlackElo "2296"]
[PlyCount "92"]
[GameId "2160767912520479"]
[EventDate "1988.07.24"]
[EventType "swiss"]
[EventRounds "8"]
[EventCountry "CAN"]
[SourceTitle "FQE 03"]

1. e4 e5 2. Nf3 d6 3. d4 exd4 4. Nxd4 g6 5. Nc3 Bg7 6. Be3 Nf6 7. Qd2 O-O 8. O-O-O Re8 9. f3 Nc6 10. Nxc6 bxc6 11. Bc4 Be6 12. Bxe6 Rxe6 13. Bh6 Bh8 14. Ne2 Qb8 15. c3 Qb7 16. g4 Rb8 17. h4 Qa6 18. Kb1 Nd7 19. Nd4 Ree8 20. Qe2 Qb6 21. Bc1 c5 22. Nb3 a5 23. h5 g5 24. Bxg5 a4 25. Bh6 axb3 26. a3 Nf8 27. g5 Qb5 28. Qe3 Re6 29. Rhg1 Qe8 30. Rd5 Re5 31. Rd2 Qe7 32. Rdg2 Bg7 33. g6 fxg6 34. hxg6 hxg6 35. Rxg6 Nxg6 36. Rxg6 Rh5 37. Qc1 Rxh6 38. Qxh6 Qe5 39. Rg5 Qe7 40. Qh5 Rf8 41. Rg1 Qf7 42. Qg4 Re8 43. a4 c6 44. f4 Rxe4 45. Qc8+ Qf8 46. Rxg7+ Kxg7 0-1

[Event "Quebec op"]
[Site "Montreal CAN"]
[Date "1988.07.25"]
[Round "2"]
[White "Fortin, Michel"]
[Black "Amin, Rafiqul"]
[Result "1-0"]
[WhiteElo "1781"]
[BlackElo "1892"]
[PlyCount "65"]
[GameId "2160767912520480"]
[EventDate "1988.07.24"]
[EventType "swiss"]
[EventRounds "8"]
[EventCountry "CAN"]
[SourceTitle "FQE 03"]

1. d4 d5 2. Nc3 Nf6 3. Bg5 Bf5 4. f3 Bg6 5. e4 dxe4 6. Bxf6 exf6 7. fxe4 Bb4 8. Bd3 O-O 9. Nf3 Re8 10. O-O Bxc3 11. bxc3 Bxe4 12. Bxe4 Rxe4 13. Qd3 Qe7 14. Ne5 Rh4 15. Nf3 Rh5 16. Rae1 Qd7 17. Qe2 g6 18. Qe8+ Kg7 19. Re7 Qxe8 20. Rxe8 a5 21. a4 b5 22. Rb1 c6 23. c4 b4 24. Rd1 Rf5 25. d5 Rf4 26. Rd4 Rf5 27. d6 Ra7 28. Rxb8 Rd7 29. Rc8 Rc5 30. Rc7 Rd8 31. d7 Kf8 32. Re4 f5 33. Re2 1-0

[Event "Quebec op"]
[Site "Montreal CAN"]
[Date "1988.07.25"]
[Round "2"]
[White "Parent, Francois"]
[Black "Labelle, Jacques"]
[Result "0-1"]
[WhiteElo "1802"]
[BlackElo "2094"]
[PlyCount "58"]
[GameId "2160767912520482"]
[EventDate "1988.07.24"]
[EventType "swiss"]
[EventRounds "8"]
[EventCountry "CAN"]
[SourceTitle "FQE 03"]

1. e4 c5 2. Nf3 d6 3. d4 cxd4 4. Nxd4 Nf6 5. Nc3 a6 6. Bg5 e6 7. a4 Be7 8. g3 Qa5 9. Qd2 Nbd7 10. Bg2 Ne5 11. O-O Nc4 12. Qc1 Nxb2 13. Qxb2 Qxg5 14. e5 dxe5 15. Bxb7 exd4 16. Bc6+ Bd7 17. Bxa8 dxc3 18. Qb8+ Bd8 19. Qd6 Qd2 20. Rfd1 Qxd6 21. Rxd6 a5 22. Bc6 Ke7 23. Rad1 Bxc6 24. Rxc6 Nd5 25. Rc8 Re8 26. Kf1 Bc7 27. Rxd5 Rxc8 28. Rc5 Kd7 29. Rxc3 Bd6 0-1

[Event "Quebec op"]
[Site "Montreal CAN"]
[Date "1988.07.25"]
[Round "2"]
[White "Piche, Guy"]
[Black "Zalys, Ignas"]
[Result "0-1"]
[WhiteElo "1645"]
[BlackElo "1895"]
[PlyCount "82"]
[GameId "2160767912520483"]
[EventDate "1988.07.24"]
[EventType "swiss"]
[EventRounds "8"]
[EventCountry "CAN"]
[SourceTitle "EXT 2002"]
[Source "ChessBase"]
[SourceDate "2001.11.25"]
[SourceVersion "1"]
[SourceVersionDate "2001.11.25"]
[SourceQuality "1"]

1. e4 c5 2. Nc3 Nc6 3. g3 g6 4. Bg2 Bg7 5. Nge2 e6 6. d3 d6 7. O-O Rb8 8. a4 a6 9. Rb1 b5 10. axb5 axb5 11. Qe1 b4 12. Nd1 Ba6 13. b3 Nge7 14. Bb2 O-O 15. Bxg7 Kxg7 16. f4 d5 17. e5 c4 18. dxc4 dxc4 19. bxc4 Bxc4 20. Nb2 Bd5 21. Rd1 Qa5 22. Nd3 Bxg2 23. Kxg2 Nd5 24. Rf3 Qb6 25. Qf2 Qxf2+ 26. Nxf2 Rfc8 27. Rb1 Na5 28. Nd4 Nc4 29. Ne4 Nce3+ 30. Kg1 Nxc2 31. Nb3 Nc3 32. Nxc3 bxc3 33. Rc1 Rxb3 34. Rxc2 h6 35. Kf2 Rb2 36. Rxb2 cxb2 37. Rb3 Rc2+ 38. Kf3 Rxh2 39. Rb8 h5 40. Rb7 Rc2 41. Rb3 Rc3+ 0-1

[Event "Quebec op"]
[Site "Montreal CAN"]
[Date "1988.07.25"]
[Round "2"]
[White "Therrien, Michel"]
[Black "Bergeron, Steeve"]
[Result "1-0"]
[WhiteElo "1866"]
[BlackElo "1803"]
[PlyCount "111"]
[GameId "2160767912520484"]
[EventDate "1988.07.24"]
[EventType "swiss"]
[EventRounds "8"]
[EventCountry "CAN"]
[SourceTitle "FQE 03"]

1. e4 e5 2. Nf3 Nc6 3. Bb5 a6 4. Ba4 Nf6 5. O-O Be7 6. Re1 b5 7. Bb3 O-O 8. a4 Bb7 9. d3 d6 10. Nbd2 Na5 11. axb5 Nxb3 12. Nxb3 axb5 13. Na5 Qd7 14. Bg5 Ba6 15. d4 exd4 16. Nxd4 h6 17. Bh4 Nh7 18. Bxe7 Qxe7 19. Nac6 Qd7 20. Qd3 Ng5 21. Ra5 Ne6 22. Rea1 Nc5 23. Qe2 Rfe8 24. f3 f5 25. b4 Na4 26. R1xa4 bxa4 27. Rxa6 Rxa6 28. Qxa6 fxe4 29. fxe4 Rxe4 30. Qxa4 Qe8 31. Qb3+ Kh8 32. h3 Re3 33. Qd5 Re1+ 34. Kh2 Qe3 35. Qf5 Qg1+ 36. Kg3 Rf1 37. Nf3 Qf2+ 38. Kh2 Qe2 39. Qf8+ Kh7 40. Qf5+ Kh8 41. Qf8+ Kh7 42. Ncd4 Qe5+ 43. Nxe5 Rxf8 44. Nd3 Re8 45. Kg3 Re4 46. Nb5 Rc4 47. c3 c6 48. Nb2 Re4 49. Kf3 d5 50. Nd4 Re8 51. Nxc6 Rc8 52. b5 Rc7 53. Na4 Kg8 54. Kf4 Rf7+ 55. Ke5 Rf2 56. b6 1-0

[Event "Quebec op"]
[Site "Montreal CAN"]
[Date "1988.07.25"]
[Round "2"]
[White "Zaldivar, Rigoberto"]
[Black "Audet, Michel"]
[Result "0-1"]
[WhiteElo "1888"]
[BlackElo "1605"]
[PlyCount "112"]
[GameId "2160767912520485"]
[EventDate "1988.07.24"]
[EventType "swiss"]
[EventRounds "8"]
[EventCountry "CAN"]
[SourceTitle "FQE 03"]

1. d4 d5 2. Nd2 Bf5 3. c4 e6 4. Ngf3 c6 5. Qb3 Qb6 6. Nh4 Qxb3 7. axb3 Bc2 8. c5 Nd7 9. b4 e5 10. e3 Ngf6 11. Be2 Be7 12. Nhf3 e4 13. Nh4 O-O 14. Nf5 Rfe8 15. h3 Bf8 16. Nf1 g6 17. N5g3 b5 18. Kd2 Bb3 19. Nh2 Bc4 20. Bd1 Bd3 21. Ng4 h5 22. Nxf6+ Nxf6 23. Ra6 Re6 24. b3 Nd7 25. Bb2 Nb8 26. Ra3 a6 27. Ne2 Bxe2 28. Bxe2 Be7 29. Rha1 Ra7 30. Bc1 Bd8 31. R1a2 Rae7 32. g4 h4 33. Ke1 Rf6 34. Kf1 Bc7 35. Kg2 g5 36. Bd2 Kg7 37. Be1 Rfe6 38. Bd1 f6 39. Re2 Rf7 40. Bc2 Re8 41. Ra1 f5 42. gxf5 Rxf5 43. Bd1 g4 44. hxg4 h3+ 45. Kh1 Rg5 46. Rea2 Rf8 47. Rb1 Rf3 48. Bxf3 exf3 49. Bd2 h2 50. e4 Rxg4 51. exd5 cxd5 52. Re1 Kf7 53. Be3 Rg6 54. Rea1 Ke8 55. Rd2 Nc6 56. Rxa6 Rg1# 0-1

[Event "Quebec op"]
[Site "Montreal CAN"]
[Date "1988.07.26"]
[Round "3"]
[White "Bolduc, Steve"]
[Black "Barbeau, Sylvain"]
[Result "0-1"]
[WhiteElo "2076"]
[BlackElo "2358"]
[PlyCount "82"]
[GameId "2160767912520486"]
[EventDate "1988.07.24"]
[EventType "swiss"]
[EventRounds "8"]
[EventCountry "CAN"]
[SourceTitle "FQE 03"]

1. e4 e5 2. d4 exd4 3. Qxd4 Nc6 4. Qa4 Nf6 5. Bg5 h6 6. Bh4 Bb4+ 7. c3 Qe7 8. Bxf6 Qxf6 9. f4 O-O 10. Nd2 Bxc3 11. bxc3 Qxc3 12. Qd1 Re8 13. Bc4 Rxe4+ 14. Ne2 Nd4 15. Rc1 Nxe2 16. Bxe2 Qa5 17. O-O Rd4 18. Nb3 Rxd1 19. Nxa5 Rxc1 20. Rxc1 b6 21. Bf3 Rb8 22. Nc4 f6 23. Ne3 c5 24. Nf5 Bb7 25. Bh5 Be4 26. Nd6 Bd5 27. a3 Kf8 28. g4 Be6 29. h4 Ke7 30. Nb5 a6 31. Nc3 d5 32. f5 Bg8 33. Re1+ Kd6 34. g5 hxg5 35. hxg5 fxg5 36. Kf2 b5 37. Kf3 c4 38. Kg4 a5 39. a4 b4 40. Nb5+ Kc5 41. Re7 b3 0-1

[Event "Quebec op"]
[Site "Montreal CAN"]
[Date "1988.07.26"]
[Round "3"]
[White "Cazelais, Marc"]
[Black "Leveille, Francois"]
[Result "0-1"]
[WhiteElo "2043"]
[BlackElo "2284"]
[PlyCount "80"]
[GameId "2160767912520487"]
[EventDate "1988.07.24"]
[EventType "swiss"]
[EventRounds "8"]
[EventCountry "CAN"]
[SourceTitle "FQE 03"]

1. e4 c5 2. Nc3 Nc6 3. f4 g6 4. Nf3 Bg7 5. g3 d6 6. Bg2 Rb8 7. a4 Nh6 8. O-O O-O 9. h3 f5 10. d3 Kh8 11. Kh2 a6 12. Ne2 b5 13. axb5 axb5 14. c3 Bd7 15. Be3 b4 16. Qc2 bxc3 17. bxc3 c4 18. Nfd4 Nxd4 19. Nxd4 e5 20. Ne2 cxd3 21. Qxd3 fxe4 22. Bxe4 Qc8 23. Bg2 Nf5 24. Bc1 Bb5 25. Qd1 Bxe2 26. Qxe2 Qxc3 27. Ra3 Nxg3 28. Rxc3 Nxe2 29. Rc6 exf4 30. Ba3 Nd4 31. Bxd6 f3 32. Bxf8 Be5+ 33. Kg1 fxg2 34. Kxg2 Nxc6 35. Bh6 Bg7 36. Bf4 Rf8 37. Be3 Rxf1 38. Kxf1 Kg8 39. Kg2 Kf7 40. Kf3 Ke6 0-1

[Event "Quebec op"]
[Site "Montreal CAN"]
[Date "1988.07.26"]
[Round "3"]
[White "Levtchouk, George"]
[Black "Roy, Alain"]
[Result "1-0"]
[WhiteElo "2317"]
[BlackElo "2109"]
[PlyCount "71"]
[GameId "2160767912520489"]
[EventDate "1988.07.24"]
[EventType "swiss"]
[EventRounds "8"]
[EventCountry "CAN"]
[SourceTitle "FQE 03"]

1. d4 Nf6 2. c4 g6 3. Nc3 Bg7 4. e4 d6 5. Nf3 O-O 6. Be2 e5 7. O-O Nc6 8. d5 Ne7 9. b4 a5 10. Ba3 axb4 11. Bxb4 Nd7 12. Nd2 f5 13. a4 Nf6 14. c5 Ne8 15. Nc4 Rf6 16. Qb3 Kh8 17. Qa3 Bf8 18. Rad1 f4 19. f3 g5 20. a5 h5 21. h3 Ng8 22. cxd6 cxd6 23. Na4 Nh6 24. Nxe5 dxe5 25. Bxf8 Nd6 26. Bxd6 Rxd6 27. Qc3 Rxa5 28. Qxe5+ Kh7 29. Qd4 Qe8 30. Nb2 Nf5 31. exf5 Qxe2 32. Rde1 Raxd5 33. Qc3 Rc6 34. Qb4 Qb5 35. Qe7+ Kg8 36. Qe8+ 1-0

[Event "Quebec op"]
[Site "Montreal CAN"]
[Date "1988.07.26"]
[Round "3"]
[White "Mercille, Pierre"]
[Black "Morin, Louis"]
[Result "0-1"]
[WhiteElo "1927"]
[BlackElo "1865"]
[PlyCount "92"]
[GameId "2160767912520490"]
[EventDate "1988.07.24"]
[EventType "swiss"]
[EventRounds "8"]
[EventCountry "CAN"]
[SourceTitle "EXT 2022"]
[Source "ChessBase"]
[SourceDate "2021.10.06"]
[SourceVersion "1"]
[SourceVersionDate "2021.10.06"]
[SourceQuality "1"]

1. Nf3 Nf6 2. b3 d5 3. Bb2 c5 4. e3 Nc6 5. Bb5 Bg4 6. h3 Bh5 7. g4 Bg6 8. Ne5 Rc8 9. Bxc6+ bxc6 10. d3 Nd7 11. Nxd7 Qxd7 12. f4 f6 13. Nd2 e6 14. Qe2 Bd6 15. Rf1 e5 16. fxe5 fxe5 17. e4 Qe7 18. O-O-O Kd7 19. Nf3 c4 20. dxc4 Bxe4 21. Nd2 Bg6 22. cxd5 cxd5 23. Qb5+ Rc6 24. Nc4 dxc4 25. Bxe5 Qg5+ 26. Kb2 Bd3 27. Rf5 c3+ 28. Kb1 Bxb5 29. Rxg5 Re8 30. Rxg7+ Ke6 31. Bd4 Be2 32. Re1 Kd5 33. Bxa7 Bg3 34. Rg5+ Kd6 35. Bb8+ Rxb8 36. Rxe2 Bf4 37. Rf5 Bd2 38. a3 Rxb3+ 39. Ka2 Rb2+ 40. Ka1 Rxc2 41. Rb5 Rc1+ 42. Ka2 Rd1 43. Rb3 Kd5 44. a4 Kc4 45. a5 Ra1+ 46. Kxa1 Kxb3 0-1

[Event "Quebec op"]
[Site "Montreal CAN"]
[Date "1988.07.26"]
[Round "3"]
[White "Ross, Dave"]
[Black "Berube, Richard"]
[Result "1/2-1/2"]
[WhiteElo "2244"]
[BlackElo "2172"]
[PlyCount "87"]
[GameId "2160767912520491"]
[EventDate "1988.07.24"]
[EventType "swiss"]
[EventRounds "8"]
[EventCountry "CAN"]
[SourceTitle "EXT 2022"]
[Source "ChessBase"]
[SourceDate "2021.10.06"]
[SourceVersion "1"]
[SourceVersionDate "2021.10.06"]
[SourceQuality "1"]

1. d4 Nf6 2. Nf3 e6 3. c4 d5 4. g3 Be7 5. Bg2 O-O 6. O-O dxc4 7. Ne5 Nc6 8. Bxc6 bxc6 9. Nxc6 Qd6 10. Nxe7+ Qxe7 11. Qa4 Qd6 12. Rd1 Qa6 13. Qxa6 Bxa6 14. Nc3 Rab8 15. f3 Nd5 16. Kf2 Nxc3 17. bxc3 Rb5 18. Bf4 c6 19. Rab1 Rd8 20. Rxb5 cxb5 21. Rb1 Rd7 22. g4 f6 23. h4 Kf7 24. e4 e5 25. dxe5 fxe5 26. Bxe5 Rd2+ 27. Kg3 Rxa2 28. Kf4 g6 29. Rd1 Ke7 30. Rd5 Rb2 31. Rc5 Rd2 32. Bd4 b4 33. cxb4 Rxd4 34. b5 Bb7 35. Rc7+ Rd7 36. Rxc4 Ke6 37. Rc5 Kd6 38. Rg5 Rf7+ 39. Ke3 Rc7 40. h5 gxh5 41. Rxh5 Bc8 42. g5 Re7 43. Rh6+ Kc7 44. Kd4 1/2-1/2

[Event "Quebec op"]
[Site "Montreal CAN"]
[Date "1988.07.26"]
[Round "3"]
[White "Zalys, Ignas"]
[Black "Desjardins, Andre"]
[Result "1/2-1/2"]
[WhiteElo "1895"]
[BlackElo "1921"]
[PlyCount "147"]
[GameId "2160767912520492"]
[EventDate "1988.07.24"]
[EventType "swiss"]
[EventRounds "8"]
[EventCountry "CAN"]
[SourceTitle "EXT 2002"]
[Source "ChessBase"]
[SourceDate "2001.11.25"]
[SourceVersion "1"]
[SourceVersionDate "2001.11.25"]
[SourceQuality "1"]

1. e4 e5 2. Nf3 Nc6 3. Bb5 a6 4. Ba4 Nf6 5. d3 d6 6. c3 g6 7. O-O Bg7 8. Nbd2 O-O 9. Re1 b5 10. Bc2 Ne7 11. d4 Nd7 12. Nf1 c5 13. Bg5 h6 14. Bxe7 Qxe7 15. Ne3 Nb6 16. dxc5 dxc5 17. Qe2 Be6 18. b3 c4 19. b4 Rfd8 20. Red1 Rxd1+ 21. Qxd1 Rd8 22. Qe1 Rd6 23. Rd1 Qd7 24. Rxd6 Qxd6 25. Qd2 Nc8 26. a4 Qxd2 27. Nxd2 Nd6 28. a5 f5 29. f3 Kf7 30. Kf1 Bf6 31. Ke2 f4 32. Nd1 g5 33. g4 fxg3 34. hxg3 h5 35. Ne3 g4 36. fxg4 Bxg4+ 37. Kf2 Bg5 38. Ndf1 Bc8 39. Nd2 h4 40. gxh4 Bxh4+ 41. Ke2 Kg6 42. Nf3 Bg3 43. Nd5 Bb7 44. Ke3 Nf7 45. Ne7+ Kf6 46. Nf5 Bf4+ 47. Ke2 Ng5 48. Nxg5 Kxg5 49. Ne3 Bc8 50. Nd5 Bd7 51. Bd1 Bc6 52. Bc2 Kg4 53. Nc7 Bb7 54. Nd5 Kg3 55. Bd1 Bc6 56. Bc2 Bd7 57. Bd1 Bg4+ 58. Ke1 Bxd1 59. Kxd1 Kf3 60. Nc7 Kxe4 61. Ke2 Bg3 62. Nxa6 Kd5 63. Nc5 Kc6 64. Ne4 Bh4 65. Kf3 Bd8 66. Kg4 Kb7 67. Kf5 Bxa5 68. Kxe5 Bc7+ 69. Kd5 Kb6 70. Nc5 Bg3 71. Ne4 Bh4 72. Nd6 Bf6 73. Nxc4+ bxc4 74. Kxc4 1/2-1/2